| 000 | 02019cam a2200505 a 4500 | ||
|---|---|---|---|
| 001 | 20718 | ||
| 003 | VRT | ||
| 005 | 20260130141106.0 | ||
| 008 | 250312s1970 xo e 0000f slo | ||
| 015 | _aSNBA1970/11-02703 | ||
| 035 | _aSNK000094488 | ||
| 035 | _aurn:nbn:sk:snk-amtigg | ||
| 035 | _aurn:nbn:sk:snk-am00c4lf | ||
| 035 | _aD036B894-22A1-451D-826F-49C686384AF4 | ||
| 039 | 9 |
_a202503121319 _bVLOAD _c202205120753 _dVLOAD _c202201262248 _dcsnk01 _c202201262245 _dcsnk01 |
|
| 040 |
_aSNK _bslo _cSNK _eAACR2 |
||
| 041 | 1 |
_aslo _hger |
|
| 044 |
_axo _cSK |
||
| 080 |
_a830-3 Arnau, Frank(08)=854 _21981 |
||
| 100 | 1 |
_aArnau, Frank, _d1894-1976 _4aut |
|
| 245 | 1 | 0 |
_aHorúci asfalt - Rio ; Výstrel bez ozveny ; Vražda bola chybou réžie _cFrank Arnau ; [z nemeckých ooriginálov preložili Ivan Krčméry, Ľudmila Rampáková, Eva Rosenbaumová] |
| 250 | _a1. vyd. | ||
| 260 |
_aBratislava _bSlovenský spisovateľ _c1970 _eKošice _fVýchodoslov. tlač. |
||
| 300 |
_a600, [3] s. _c8° |
||
| 490 | 1 | _aZelená knižnica | |
| 655 | 7 |
_anemecké romány _2SNKPH |
|
| 655 | 7 |
_adetektívne romány _2SNKPH |
|
| 700 | 1 |
_aKrčméry, Ivan, _d1921-1997 _4trl |
|
| 700 | 1 |
_aRampáková, Ľudmila, _d1922-2003 _4trl |
|
| 700 | 1 |
_aRosenbaumová, Eva, _d1931-1999 _4trl |
|
| 700 | 1 | 2 |
_aArnau, Frank, _d1894-1976 _tHeisses Pflaster Rio _lSlovensky _4aut |
| 700 | 1 | 2 |
_aArnau, Frank, _d1894-1976 _tSchuss ohne Echo _lSlovensky _4aut |
| 700 | 1 | 2 |
_aArnau, Frank, _d1894-1976 _tDer Mord war ein Regiefehler _lSlovensky _4aut |
| 740 | 0 | 2 | _aVýstrel bez ozveny |
| 740 | 0 | 2 | _aVražda bola chybou réžie |
| 787 | 0 | 8 |
_iZo série: _tBrewer, Lamont, Reyder _g3 |
| 830 | 0 | _aZelená knižnica | |
| 942 |
_2ddc _cKLDO _n0 |
||
| 949 |
_62889745944 _asavukS 52882 |
||
| 949 |
_6273K0358911 _asvkpoA 77290/III _bsvkpo178355 |
||
| 949 |
_617A0895757 _asnkSD 38119 _s6100:20161107 |
||
| 949 |
_617A0370058 _9P60, <04>, [BOOK], {604} _asnkSD 38119 D1 |
||
| 999 |
_c20718 _d20718 |
||